00483 a2200169 450000100060000002000180000604000240002410000270004824000330007524500280010830000090013636200090014565000310015494200070018595201040019299900170029647287 a9788579511509 cAnchieta - Aquarius aRodriguez, Janete Lins10aKirikú e a feiticeiralpor10aKirikú e a feiticeira a42p.0 a2011 4aLiteratura infanto-juvenil cBK 00104070a87.1b87.1d2023-11-21l0o028.5 ROD KIRp5831/AQUr2023-11-21 15:14:07w2023-11-21yBK c47287d47287